| 000 | 00380nam a22001337a 4500 | ||
|---|---|---|---|
| 020 | _a9780064442169 | ||
| 040 | _cNUST | ||
| 082 |
_a823-CH _bAVI |
||
| 100 |
_aAvi _981716 |
||
| 110 |
_aWatling, James _981717 |
||
| 245 |
_aFinding Providence _bThe Story Of Roger Williams Advanced 4 Reading I Can Read |
||
| 260 |
_aNew York: _bHarper Collins Publisher, _c1997. |
||
| 942 |
_2ddc _cBK |
||
| 999 |
_c586210 _d586210 |
||